00622 a2200181 4500003000500000005001700005040000900022082001200031100002700043245003300070260003600103300001000139505011500149650002400264942001200288999001900300952012100319Nust20230213105932.0 cNust a993,MIL aMiller, Harold9108957 aNew Zealand /cHarold Miller aNew YorkbHutchinson University a155:p aPart-1 The Period of Race Conflict :1814-1865 (Page-9), Part-2 Towards a Socialist State: 1865-1947 (Page-75). aNew Zealand9108958 2ddccBK c187510d187510 00102ddc4070aMCSbMCScGENd2016-12-12o993,MILpMCS29205r2016-12-08w2016-12-12yBKzAlmirah No.62, Shelf No.6